书目信息 |
| 题名: |
营养好菜
|
|
| 作者: | 徐丽莲 著 | |
| 分册: | ||
| 出版信息: | 北京 中国轻工业出版社 2004.01 |
|
| 页数: | 83页 | |
| 开本: | 19×21cm | |
| 丛书名: | 现代人食谱 | |
| 单 册: | ||
| 中图分类: | TS972.182 | |
| 科图分类: | ||
| 主题词: | 菜谱--cai pu--中国 | |
| 电子资源: | ||
| ISBN: | 7-5019-4186-6 | |
| 000 | 01013nam 2200277 450 | |
| 001 | 012008075906 | |
| 005 | 20080421144608.96 | |
| 010 | @a7-5019-4186-6@dCNY18.00 | |
| 100 | @a20080421d2004 km y0chiy0120 ea | |
| 101 | 0 | @achi |
| 102 | @aCN@b110000 | |
| 105 | @aa z 000yy | |
| 106 | @ar | |
| 200 | 1 | @a营养好菜@Aying yang hao cai@d= Nutritious Food@f徐丽莲等著@Fxu li lian deng zhu@zeng |
| 210 | @a北京@c中国轻工业出版社@d2004.01 | |
| 215 | @a83页@c图 (部分彩图)@d19×21cm | |
| 225 | 2 | @a现代人食谱@Axian dai ren shi pu@i养生系列@h09 |
| 306 | @a本书中文简体版本由台湾生活品味文化传播有限公司授权,由中国轻工业出版社出版。 | |
| 330 | @a本书内容:高钎防癌、热量均衡、保健强身、请肠健胃、低脂饮食、温补甜品几大类来合理搭配,保健身体。是一本“家庭营养好教师”。 | |
| 410 | 0 | @12001 @a现代人食谱 |
| 510 | 1 | @aNutritious Food@zeng |
| 606 | 0 | @a菜谱@Acai pu@y中国 |
| 690 | @aTS972.182@v4 | |
| 701 | 0 | @a徐丽莲@Axu li lian@4著 |
| 801 | 0 | @aCN@bQSSK@c20080421 |
| 905 | @b20700401-03@dTS972.182@eX753@f3 | |
| 营养好菜= Nutritious Food/徐丽莲等著.-北京:中国轻工业出版社,2004.01 |
| 83页:图 (部分彩图);19×21cm.-(现代人食谱.养生系列.09) |
| ISBN 7-5019-4186-6:CNY18.00 |
| 本书内容:高钎防癌、热量均衡、保健强身、请肠健胃、低脂饮食、温补甜品几大类来合理搭配,保健身体。是一本“家庭营养好教师”。 |
| ● |
| 相关链接 |
|
|
|
正题名:营养好菜
索取号:TS972.182/X753
 
预约/预借
| 序号 | 登录号 | 条形码 | 馆藏地/架位号 | 状态 | 备注 |
| 1 | 700401 | 207004016 | 自科库501/509社科库 45排7列2层/ [索取号:TS972.182/X753] | 在馆 | |
| 2 | 700402 | 207004025 | 自科库501/509社科库 45排7列2层/ [索取号:TS972.182/X753] | 在馆 | |
| 3 | 700403 | 207004034 | 自科库501/509社科库 45排7列2层/ [索取号:TS972.182/X753] | 在馆 |